000 00536nam a22002177a 4500
003 UA-OsUOA
001 55945
007 ta
008 20080924b un ||||| |||| 00| 0 ukr d
100 _aДружерученко К.
090 _a330
_bД76
942 _cSA
040 _aUA-OsUOA
_bukr
_cUA-OsUOA
_dUA-OsUOA
245 _aВедмежа послуга/фондовий ринок
300 _aС.20
955 _a0
041 _aukr
080 _a330
773 0 _w55944
650 7 _a330 Економіка взагалі
_2UDC
999 _c341874
_d341874